Music Quiz

Random Music or Kpop Quiz
Score 0/38 Timer 20:00
0 Plays Today
% Correct
G-Dragon
96.1%
Eunwoo
79.8%
Zico
79.8%
Sungjae
78%
Taemin
77.1%
Shownu
75%
Heechul
74.4%
Lucas
73.2%
Samuel
71.7%
Leo
71.1%
Sunmi
70.2%
Jay Park
68.4%
HyunA
68.1%
Ren
66.3%
Youngjae
64.2%
June
64.2%
IU
63.9%
Hani
61.7%
Wonwoo
60.8%
% Correct
Eric Nam
59%
Sungjin
57.5%
Jihoon
57.5%
ChanBaek
56.6%
Chungha
56%
L
53.3%
DEAN
53%
Ailee
53%
Changmin
48.5%
Zion T
43.7%
C.A.P
38.3%
Kikwang
34.9%
Crush
34.9%
BOA
34.3%
Jungkooka
28.3%
Jinu
27.1%
Sejun
25.9%
Kuhn
17.2%
E’ Dawn
3.9%
Come Together.
Have Fun.
All Virtual.
We all need to come together. Play Sporcle's virtual live trivia to have fun, connect with people, and get your trivia on. Join a live hosted trivia game for your favorite pub trivia experience done virtually. If a virtual private party is more your thing, go here for details.

You're not logged in!

Compare scores with friends on all Sporcle quizzes.
OR
Log In

Sporcle TV

Today on Sporcle TV


Watch our educational content, quiz creation guides, and fun videos on Sporcle TV.

Show Comments

Extras

Created Apr 9, 2018ReportNominate
Tags:Kpop Quiz, Kpop Idol, Kpop Quiz

Top Quizzes Today


Score Distribution

Paid Content

Your Account Isn't Verified!

In order to create a playlist on Sporcle, you need to verify the email address you used during registration. Go to your Sporcle Settings to finish the process.

Report this User

Report this user for behavior that violates our Community Guidelines.

Details: